000 01033nam a2200217Ia 4500
003 Ost
005 20260507075018.0
008 260507s9999||||xx |||||||||||||| ||und||
040 _cfsecg
041 _aara
082 _a189
100 _aثابت، عادل
_eمؤلف
245 0 _aالفكر السياسي الإسلامي /
_c عادل ثابت
260 _aالإسكندرية:
_bدار الجامعة الجديدة,
_c2002
300 _a281 صفحة؛
_bإيضاحات ؛
_c24 سم
520 _aتصنيف الفكر السياسي الإسلامي-مجموعة المفكرين السياسيين المسلمين-مجموعة المفكرين الإسلاميين السياسيين أصحاب المنهج الإستقرائي-مجموعة المفكرين السياسيين الإسلاميين-لمحات من التراث الفكري السياسي الإسلامي
653 _aالسياسة
653 _aالفكر الاسلامي
653 _aالفلسفة الاسلامية
942 _cكتاب
999 _c42232
_d42232